|
|
|
|
| LEADER |
00000nam0a2200000 4500 |
| 001 |
358178 |
| 005 |
20231102011052.0 |
| 035 |
|
|
|a (RuTPU)RU\TPU\retro\15446
|
| 090 |
|
|
|a 358178
|
| 100 |
|
|
|a 20200813d1981 km y0rusy50 ca
|
| 101 |
0 |
|
|a rus
|
| 102 |
|
|
|a RU
|
| 105 |
|
|
|a a z 001zy
|
| 200 |
1 |
|
|a Вода и пустыни
|f М. В. Колодин
|
| 210 |
|
|
|a Москва
|c Мысль
|d 1981
|
| 215 |
|
|
|a 119 с.
|c ил.
|
| 320 |
|
|
|a Библиогр.: с. 110-117
|
| 606 |
1 |
|
|a Водные ресурсы
|x Использование
|x Экономическая эффективность
|2 stltpush
|3 (RuTPU)RU\TPU\subj\72452
|9 85963
|
| 606 |
1 |
|
|a Водные ресурсы
|2 stltpush
|3 (RuTPU)RU\TPU\subj\72450
|9 85961
|
| 610 |
1 |
|
|a пустыни
|
| 610 |
1 |
|
|a вода
|
| 610 |
1 |
|
|a добыча
|
| 610 |
1 |
|
|a водообеспечение
|
| 610 |
1 |
|
|a опреснительные установки
|
| 610 |
1 |
|
|a опреснение
|
| 610 |
1 |
|
|a водная среда
|
| 610 |
1 |
|
|a охрана
|
| 675 |
|
|
|a 626.81
|v 4
|
| 675 |
|
|
|a 556.18
|v 4
|
| 700 |
|
1 |
|a Колодин
|b М. В.
|g Михаил Васильевич
|
| 801 |
|
1 |
|a RU
|b 63413507
|c 20200813
|
| 801 |
|
2 |
|a RU
|b 63413507
|c 20210323
|g RCR
|
| 942 |
|
|
|c BK
|